000 01119nam a2200289 a 4500
001 000113086
003 CHAP
005 20220329144338.0
008 170419s2016 mx sm |||||||spa d
010 _a109547
011 _a110519
040 _cCHAP
090 _aTesis
100 1 _aRivera López, Samuel.
_997684
245 1 0 _aIdentificación y estimación de los factores que determinan la exportación de garbanzo Mexicano a España
_h[En línea]
_cpor Samuel Rivera López.
260 _aChapingo, Méx. :
_bEl autor,
_c2016.
500 _aPara ver el contenido del material haga clic en la liga
502 _aTesis (M.C. en Economía Agrícola y de los Recursos Naturales) -- UACH. División de Ciencias Económico Administrativas
590 _aE5765TAJ
_b05
_c20170419
_lUCH01
_h1155
590 _aE5765TAJ
_b05
_c20170419
_lUCH01
_h1155
650 1 4 _aGarbanzo
_xExportación
_xModelos econométricos.
_9131933
650 1 4 _aProductos agrícolas
_xMercadeo
_xEspaña.
_991968
856 _aFinding aid
_uhttp://10.13.5.2/tesis/sist113086.pdf
_zTeclea aquí
901 _aBK
942 _cTESIS
942 _n0
999 _c109547
_d109547